| Tag |
First Indicator |
Second Indicator |
Subfields |
| LEADER |
00000cam a2200000Ii 4500 |
| 001 |
in00000040744 |
| 005 |
20230927123404.0 |
| 008 |
820712s1946 nyu b 001 0 eng d |
| 010 |
|
|
|a a 46002041
|
| 016 |
7 |
|
|a 002653639
|2 Uk
|
| 016 |
7 |
|
|a 008261518
|2 Uk
|
| 019 |
|
|
|a 1667450
|a 976917321
|a 1001900431
|a 1116221585
|a 1124476457
|a 1147885203
|a 1248003077
|
| 029 |
1 |
|
|a AU@
|b 000028016283
|
| 029 |
1 |
|
|a HEBIS
|b 286821354
|
| 029 |
1 |
|
|a ZWZ
|b 024697540
|
| 029 |
1 |
|
|a UKMGB
|b 002653639
|
| 035 |
|
|
|a (OCoLC)ocm08593930
|
| 035 |
|
|
|a (OCoLC)8593930
|z (OCoLC)1667450
|z (OCoLC)976917321
|z (OCoLC)1001900431
|z (OCoLC)1116221585
|z (OCoLC)1124476457
|z (OCoLC)1147885203
|z (OCoLC)1248003077
|
| 035 |
|
|
|a (OCoLC)ocm08593930
|
| 040 |
|
|
|a FRY
|b eng
|c FRY
|d FNP
|d OCLCQ
|d NLGGC
|d LVB
|d DRB
|d ZWZ
|d UKMGB
|d OCLCQ
|d OCLCF
|d OCLCO
|d OCLCQ
|d CNUTO
|d S2H
|d MIQ
|d CHUNN
|d OCLCO
|d BUB
|d OCLCO
|d OCL
|d AUM
|
| 050 |
|
4 |
|a HG221
|b .N65
|
| 082 |
0 |
4 |
|a 332.401
|
| 084 |
|
|
|a 83.50
|2 bcl
|
| 100 |
1 |
|
|a Niebyl, Karl H.
|q (Karl Heinrich),
|d 1906-
|
| 245 |
1 |
0 |
|a Studies in the classical theories of money /
|c Karl H. Niebyl.
|
| 264 |
|
1 |
|a New York :
|b Columbia University Press,
|c 1946.
|
| 300 |
|
|
|a xii, 190 pages ;
|c 22 cm
|
| 336 |
|
|
|a text
|b txt
|2 rdacontent
|
| 337 |
|
|
|a unmediated
|b n
|2 rdamedia
|
| 338 |
|
|
|a volume
|b nc
|2 rdacarrier
|
| 340 |
|
|
|m 8vo.
|2 rdabf
|
| 504 |
|
|
|a Includes bibliographical references (pages 165-177) and index.
|
| 561 |
|
|
|a University of Bristol Library copy bears the ownership inscription of : J.K. Horsefield, 22.8.46.
|5 UkBrU-I
|
| 583 |
|
|
|a commitment to retain
|c 20151204
|2 pda
|5 OTUTLD
|
| 650 |
|
0 |
|a Money.
|
| 650 |
|
0 |
|a Inflation (Finance)
|
| 650 |
|
1 |
|a Inflation [Finance].
|
| 650 |
|
2 |
|a Inflation, Economic
|
| 650 |
|
6 |
|a Monnaie.
|
| 650 |
|
6 |
|a Inflation.
|
| 650 |
|
7 |
|a Inflation (Finance)
|2 fast
|0 (OCoLC)fst00972450
|
| 650 |
|
7 |
|a Money.
|2 fast
|0 (OCoLC)fst01025265
|
| 650 |
1 |
7 |
|a Monetaire theorie.
|2 gtt
|
| 650 |
1 |
7 |
|a Ruilmiddelen.
|2 gtt
|
| 650 |
1 |
7 |
|a Inflatie.
|2 gtt
|
| 650 |
|
7 |
|a Monnaie.
|2 ram
|
| 650 |
|
7 |
|a BANKING AND INVESTMENT.
|2 unbist
|
| 700 |
1 |
|
|a Horsefield, J. Keith
|q (John Keith),
|d 1901-1997,
|e provenance.
|5 UkBrU-I
|
| 776 |
0 |
8 |
|i Online version:
|a Niebyl, Karl Heinrich, 1906-
|t Studies in the classical theories of money.
|d New York : Columbia University Press, 1946
|w (OCoLC)644256468
|
| 948 |
|
|
|h HELD BY TXA - 283 OTHER HOLDINGS
|
| 994 |
|
|
|a Z0
|b TXA
|
| 999 |
f |
f |
|s dc37692d-0ca5-3a38-9eab-dc6fe9e77f69
|i 699fe60e-be92-3ded-93ee-1d45ac36010d
|t 0
|
| 952 |
f |
f |
|p ric
|a Texas A&M University
|b Rellis Campus
|c Joint Library Facility
|d Remote Storage
|t 0
|e HG221 .N65
|h Library of Congress classification
|i unmediated -- volume
|m A14800732866
|
| 998 |
f |
f |
|a HG221 .N65
|t 0
|l Remote Storage
|